| 000 | 01051nam a22002657a 4500 | ||
|---|---|---|---|
| 001 | 9876 | ||
| 003 | FISKH | ||
| 005 | 20260311084956.0 | ||
| 008 | 260311b cb ||||| |||| 00| 0 eng d | ||
| 020 | _a9788184852035 | ||
| 040 |
_aFISKH _beng _cFISKH _dFISKH |
||
| 050 | _aPZ7 | ||
| 082 | _a398.2 | ||
| 100 | _aAnonymous | ||
| 245 |
_aStories of wisdom / _cBy Anonymous |
||
| 260 |
_aNew Delhi : _bLearners , |
||
| 300 |
_a24 unnumbered pages : _bcolor illustrations ; _c28 cm . |
||
| 490 | _aStories of .... | ||
| 505 | _aM | ||
| 520 | _aStories of Wisdom is a collection of short moral stories that teach children important life lessons. The stories show characters facing everyday problems and learning from their experiences. Each story encourages values such as honesty, kindness, patience, and wise decision-making. The book helps young readers understand good behavior while enjoying simple and engaging stories. | ||
| 521 | 8 |
_a550
_bLexile estimate |
|
| 521 | 8 |
_aM
_bRaz-Plus |
|
| 942 |
_2ddc _cBK _n0 |
||
| 999 |
_c9876 _d9876 |
||